[Event "EYCC 2024 - G18"]
[Site "?"]
[Date "2024.08.22"]
[Round "1.9"]
[White "Hernandez Tellez, Claudia"]
[Black "Minaeva, Juliana"]
[Result "1-0"]
[BlackElo "1807"]
[WhiteElo "2025"]
[LiveChessVersion "1.4.8"]

1. e4 {[%clk 1:30:57]} c5 {[%clk 1:30:54]} 2. Nf3 {[%clk 1:31:20]} d6
{[%clk 1:31:15]} 3. d4 {[%clk 1:31:40]} cxd4 {[%clk 1:31:37]} 4. Nxd4
{[%clk 1:32:04]} Nf6 {[%clk 1:31:59]} 5. Nc3 {[%clk 1:32:27]} a6 {[%clk 1:31:49]}
6. Be3 {[%clk 1:32:37]} e5 {[%clk 1:31:26]} 7. Nb3 {[%clk 1:32:46]} Be6
{[%clk 1:31:35]} 8. Qd2 {[%clk 1:32:49]} Be7 {[%clk 1:31:28]} 9. O-O-O
{[%clk 1:32:42]} Nbd7 {[%clk 1:31:10]} 10. f4 {[%clk 1:31:55]} Qc7
{[%clk 1:28:46]} 11. Kb1 {[%clk 1:25:49]} O-O {[%clk 1:26:25]} 12. f5
{[%clk 1:24:14]} Bxb3 {[%clk 1:22:25]} 13. axb3 {[%clk 1:24:27]} Nc5
{[%clk 1:21:27]} 14. Nd5 {[%clk 1:13:54]} Nxd5 {[%clk 1:20:43]} 15. exd5
{[%clk 1:03:54]} a5 {[%clk 1:16:47]} 16. g4 {[%clk 0:58:44]} Rfc8
{[%clk 1:05:48]} 17. Bb5 {[%clk 0:41:14]} a4 {[%clk 0:59:45]} 18. b4
{[%clk 0:39:06]} Ne4 {[%clk 0:49:09]} 19. Qd3 {[%clk 0:38:20]} Ng5
{[%clk 0:48:34]} 20. c4 {[%clk 0:29:52]} e4 {[%clk 0:47:12]} 21. Qc3
{[%clk 0:27:31]} Nf3 {[%clk 0:45:38]} 22. g5 {[%clk 0:26:48]} Qd8
{[%clk 0:38:14]} 23. h4 {[%clk 0:20:05]} Ne5 {[%clk 0:32:30]} 24. Rd4
{[%clk 0:18:13]} f6 {[%clk 0:28:32]} 25. Rxe4 {[%clk 0:15:56]} fxg5
{[%clk 0:28:02]} 26. hxg5 {[%clk 0:11:22]} Bxg5 {[%clk 0:27:33]} 27. Bxg5
{[%clk 0:10:54]} Qxg5 {[%clk 0:27:58]} 28. Qh3 {[%clk 0:11:21]} h6
{[%clk 0:26:43]} 29. c5 {[%clk 0:08:22]} Qd2 {[%clk 0:16:02]} 30. f6
{[%clk 0:06:58]} Qxd5 {[%clk 0:14:24]} 31. Qg2 {[%clk 0:05:27]} Rc7
{[%clk 0:09:52]} 32. Bc4 {[%clk 0:05:36]} Nxc4 {[%clk 0:09:58]} 33. Re8+
{[%clk 0:06:01]} Rxe8 {[%clk 0:09:18]} 34. Qxd5+ {[%clk 0:06:24]} Kh7
{[%clk 0:09:44]} 35. Qxc4 {[%clk 0:05:39]} dxc5 {[%clk 0:09:47]} 36. f7
{[%clk 0:04:39]} Rf8 {[%clk 0:09:31]} 37. Rf1 {[%clk 0:05:03]} b6
{[%clk 0:09:34]} 38. Qe4+ {[%clk 0:04:35]} g6 {[%clk 0:08:51]} 39. Rf6
{[%clk 0:04:49]} Kh8 {[%clk 0:08:53]} 40. Qxg6 {[%clk 0:05:01]} 1-0

[Event "EYCC 2024 - G18"]
[Site "?"]
[Date "2024.08.22"]
[Round "1.10"]
[White "Keskin, Elif"]
[Black "Alexandri, Dimitra"]
[Result "1/2-1/2"]
[BlackElo "2008"]
[WhiteElo "1790"]
[LiveChessVersion "1.4.8"]

1. d4 {[%clk 1:30:57]} Nf6 {[%clk 1:30:50]} 2. Nf3 {[%clk 1:31:22]} g6
{[%clk 1:31:11]} 3. Bg5 {[%clk 1:31:27]} Bg7 {[%clk 1:31:21]} 4. Nbd2
{[%clk 1:31:15]} d5 {[%clk 1:31:11]} 5. c3 {[%clk 1:30:14]} O-O {[%clk 1:28:28]}
6. e3 {[%clk 1:29:24]} b6 {[%clk 1:16:35]} 7. Bxf6 {[%clk 1:07:55]} Bxf6
{[%clk 1:04:59]} 8. Bd3 {[%clk 1:03:41]} Bb7 {[%clk 0:58:49]} 9. h4 Nd7 10. h5
{[%clk 1:01:42]} e5 {[%clk 0:52:56]} 11. dxe5 {[%clk 0:57:53]} Nxe5
{[%clk 0:53:13]} 12. Nxe5 {[%clk 0:57:08]} Bxe5 {[%clk 0:53:34]} 13. Nf3
{[%clk 0:54:26]} Bf6 {[%clk 0:51:12]} 14. Qc2 {[%clk 0:50:31]} Kg7
{[%clk 0:46:38]} 15. O-O-O {[%clk 0:47:27]} Qe7 {[%clk 0:44:02]} 16. Rh2
{[%clk 0:43:53]} c5 {[%clk 0:41:00]} 17. Rdh1 {[%clk 0:39:52]} c4
{[%clk 0:35:46]} 18. Be2 {[%clk 0:31:04]} Rg8 {[%clk 0:32:48]} 19. hxg6
{[%clk 0:25:59]} hxg6 {[%clk 0:32:58]} 20. Rh7+ {[%clk 0:25:45]} Kf8
{[%clk 0:33:15]} 21. Qd2 {[%clk 0:20:38]} b5 {[%clk 0:28:31]} 22. Nd4
{[%clk 0:19:25]} a6 {[%clk 0:21:32]} 23. Bf3 {[%clk 0:17:10]} Rd8
{[%clk 0:19:46]} 24. Bg4 {[%clk 0:12:45]} Rd6 {[%clk 0:18:23]} 25. Bf3
{[%clk 0:09:27]} Qd7 {[%clk 0:14:47]} 26. Rd1 {[%clk 0:05:45]} a5
{[%clk 0:10:19]} 27. Ne2 {[%clk 0:04:19]} Be5 {[%clk 0:04:42]} 28. Nf4
{[%clk 0:02:55]} Bxf4 {[%clk 0:05:00]} 29. exf4 {[%clk 0:03:23]} d4
{[%clk 0:01:00]} 30. Bxb7 {[%clk 0:02:54]} Qxb7 {[%clk 0:01:24]} 31. cxd4
{[%clk 0:03:10]} b4 {[%clk 0:00:38]} 32. Re1 {[%clk 0:00:53]} Qxg2
{[%clk 0:00:32]} 33. Kb1 {[%clk 0:00:40]} Qd5 {[%clk 0:00:42]} 34. Re5
{[%clk 0:00:40]} Qa8 {[%clk 0:00:37]} 35. Kc1 {[%clk 0:00:31]} Qd8
{[%clk 0:00:44]} 36. f5 {[%clk 0:00:40]} g5 {[%clk 0:00:57]} 37. d5
{[%clk 0:00:45]} f6 {[%clk 0:00:50]} 38. Re6 {[%clk 0:01:04]} Rg7
{[%clk 0:00:46]} 39. Rh8+ {[%clk 0:01:30]} Rg8 {[%clk 0:01:10]} 40. Rh7
{[%clk 0:01:59]} Rg7 {[%clk 0:00:46]} 1/2-1/2

[Event "EYCC 2024 - G18"]
[Site "?"]
[Date "2024.08.22"]
[Round "1.11"]
[White "Maton, Emily"]
[Black "Kovacs, Veronika"]
[Result "0-1"]
[BlackElo "1781"]
[WhiteElo "2005"]
[LiveChessVersion "1.4.8"]

1. d4 {[%clk 1:30:59]} d5 {[%clk 1:30:53]} 2. c4 {[%clk 1:31:24]} e6
{[%clk 1:31:20]} 3. Nc3 {[%clk 1:31:50]} Nf6 {[%clk 1:31:46]} 4. cxd5
{[%clk 1:32:15]} exd5 {[%clk 1:32:12]} 5. Bg5 {[%clk 1:32:39]} Be7
{[%clk 1:32:36]} 6. e3 {[%clk 1:33:03]} O-O {[%clk 1:32:58]} 7. Bd3
{[%clk 1:33:24]} c6 {[%clk 1:33:21]} 8. Nge2 {[%clk 1:33:48]} h6 {[%clk 1:33:31]}
9. Bf4 {[%clk 1:33:53]} Re8 {[%clk 1:33:28]} 10. O-O {[%clk 1:33:46]} Nbd7
{[%clk 1:33:32]} 11. Qc2 {[%clk 1:33:27]} Nf8 {[%clk 1:33:39]} 12. Bg3
{[%clk 1:30:42]} Nh5 {[%clk 1:28:04]} 13. a3 {[%clk 1:23:51]} Nxg3
{[%clk 1:26:23]} 14. Nxg3 {[%clk 1:21:43]} a5 {[%clk 1:24:45]} 15. Rae1
{[%clk 1:13:21]} Ne6 {[%clk 1:14:42]} 16. f4 {[%clk 1:02:48]} b6 {[%clk 1:04:01]}
17. Nh5 {[%clk 0:55:47]} Nf8 {[%clk 1:01:15]} 18. f5 {[%clk 0:50:19]} f6
{[%clk 1:00:57]} 19. Qe2 {[%clk 0:46:28]} Nh7 {[%clk 0:49:18]} 20. Qg4
{[%clk 0:41:31]} Bf8 {[%clk 0:46:53]} 21. Rf3 {[%clk 0:38:13]} Ra7
{[%clk 0:29:03]} 22. Ne2 {[%clk 0:35:24]} c5 {[%clk 0:26:07]} 23. dxc5
{[%clk 0:33:17]} bxc5 {[%clk 0:26:08]} 24. b3 {[%clk 0:29:17]} Ng5
{[%clk 0:20:04]} 25. Rg3 {[%clk 0:26:19]} Ne4 {[%clk 0:17:54]} 26. Bxe4
{[%clk 0:26:15]} Rxe4 {[%clk 0:18:12]} 27. Qg6 {[%clk 0:21:17]} Kh8
{[%clk 0:18:12]} 28. Nef4 {[%clk 0:14:03]} Re5 {[%clk 0:17:23]} 29. Ne6
{[%clk 0:13:08]} Bxe6 {[%clk 0:16:52]} 30. fxe6 {[%clk 0:13:18]} Rxe6
{[%clk 0:16:37]} 31. Nf4 {[%clk 0:13:00]} Re5 {[%clk 0:07:26]} 32. Qd3
{[%clk 0:12:09]} Kg8 {[%clk 0:06:53]} 33. Ng6 {[%clk 0:10:13]} Rg5
{[%clk 0:06:13]} 34. Rxg5 {[%clk 0:09:48]} hxg5 {[%clk 0:06:01]} 35. Nxf8
{[%clk 0:10:11]} Kxf8 {[%clk 0:06:23]} 36. Qh7 {[%clk 0:10:13]} Kf7
{[%clk 0:05:38]} 37. Qc2 {[%clk 0:08:56]} Qe7 {[%clk 0:05:11]} 38. e4
{[%clk 0:08:11]} Rc7 {[%clk 0:02:47]} 39. Re2 {[%clk 0:07:31]} Qe5
{[%clk 0:02:11]} 40. g3 {[%clk 0:04:37]} Qd4+ {[%clk 0:02:13]} 41. Kg2
{[%clk 0:04:54]} Re7 {[%clk 0:02:05]} 42. Rd2 {[%clk 0:02:35]} Qxe4+
{[%clk 0:02:11]} 43. Qxe4 {[%clk 0:03:02]} dxe4 {[%clk 0:02:32]} 44. Rd5
{[%clk 0:03:27]} Rc7 {[%clk 0:02:15]} 45. Kf2 {[%clk 0:03:40]} Ke6
{[%clk 0:02:40]} 46. Rd8 {[%clk 0:03:53]} Rb7 {[%clk 0:01:22]} 47. Re8+
{[%clk 0:04:08]} Kf5 {[%clk 0:01:26]} 48. Ra8 {[%clk 0:04:17]} Rxb3
{[%clk 0:01:36]} 49. Rxa5 {[%clk 0:04:44]} Rb2+ {[%clk 0:01:05]} 50. Ke3
{[%clk 0:04:50]} Rb3+ {[%clk 0:01:09]} 51. Ke2 {[%clk 0:04:36]} Kg4
{[%clk 0:01:17]} 52. Ra7 {[%clk 0:03:32]} c4 {[%clk 0:01:06]} 53. a4
{[%clk 0:03:54]} c3 {[%clk 0:00:50]} 54. Rxg7 {[%clk 0:03:57]} Ra3
{[%clk 0:01:04]} 55. Rf7 {[%clk 0:03:43]} Rxa4 {[%clk 0:01:15]} 56. Rxf6
{[%clk 0:03:49]} Rc4 {[%clk 0:01:03]} 57. Kd1 {[%clk 0:04:13]} c2+
{[%clk 0:00:59]} 58. Kc1 {[%clk 0:04:39]} e3 {[%clk 0:01:18]} 59. h4
{[%clk 0:04:09]} e2 {[%clk 0:00:46]} 60. Re6 {[%clk 0:04:32]} gxh4
{[%clk 0:00:51]} 61. gxh4 {[%clk 0:04:55]} Kf3 {[%clk 0:00:59]} 62. h5
{[%clk 0:04:53]} Re4 {[%clk 0:00:39]} 63. Rf6+ {[%clk 0:05:19]} Kg4
{[%clk 0:00:45]} 64. Rg6+ {[%clk 0:05:38]} Kxh5 {[%clk 0:00:46]} 65. Rg1
{[%clk 0:06:01]} e1=Q+ {[%clk 0:01:08]} 0-1

[Event "EYCC 2024 - G18"]
[Site "?"]
[Date "2024.08.22"]
[Round "1.12"]
[White "Zetocha, Adela"]
[Black "Zabrzanska, Weronika"]
[Result "0-1"]
[BlackElo "1999"]
[WhiteElo "1777"]
[LiveChessVersion "1.4.8"]

1. c4 {[%clk 1:30:52]} e6 {[%clk 1:30:52]} 2. Nc3 {[%clk 1:31:13]} Nf6
{[%clk 1:30:58]} 3. d4 {[%clk 1:31:31]} d5 {[%clk 1:31:22]} 4. cxd5
{[%clk 1:31:33]} exd5 {[%clk 1:31:43]} 5. Bg5 {[%clk 1:31:52]} c6
{[%clk 1:32:02]} 6. e3 {[%clk 1:31:54]} Bd6 {[%clk 1:32:20]} 7. Bd3
{[%clk 1:30:38]} O-O {[%clk 1:32:13]} 8. Qc2 {[%clk 1:27:43]} h6 {[%clk 1:32:12]}
9. Bh4 {[%clk 1:28:02]} Re8 {[%clk 1:32:28]} 10. Nf3 {[%clk 1:26:58]} a5
{[%clk 1:32:32]} 11. Bg3 {[%clk 1:17:21]} Na6 {[%clk 1:28:29]} 12. a3
{[%clk 1:14:07]} Bxg3 {[%clk 1:23:38]} 13. hxg3 {[%clk 1:14:22]} Qd6
{[%clk 1:21:58]} 14. Ne5 {[%clk 1:07:52]} Ng4 {[%clk 1:19:45]} 15. Nxg4
{[%clk 0:58:14]} Bxg4 {[%clk 1:20:02]} 16. Kd2 {[%clk 0:44:18]} c5
{[%clk 1:13:49]} 17. Rh4 {[%clk 0:32:14]} Bd7 {[%clk 1:09:57]} 18. Rah1
{[%clk 0:30:30]} Re6 {[%clk 1:06:59]} 19. f4 {[%clk 0:26:15]} Rae8 20. Nd1 cxd4
{[%clk 0:56:27]} 21. exd4 {[%clk 0:20:11]} Qe7 {[%clk 0:51:51]} 22. Nc3
{[%clk 0:17:43]} Nc7 {[%clk 0:48:11]} 23. Rh5 {[%clk 0:06:54]} f6
{[%clk 0:44:16]} 24. Nd1 {[%clk 0:02:47]} Rc6 {[%clk 0:40:12]} 25. Qb3
{[%clk 0:02:55]} Bg4 {[%clk 0:38:02]} 26. Qxb7 {[%clk 0:01:38]} Qe6
{[%clk 0:36:56]} 27. R5h4 {[%clk 0:01:26]} Bf5 {[%clk 0:28:01]} 28. Nc3
{[%clk 0:01:33]} Qe3+ {[%clk 0:28:09]} 29. Kc2 {[%clk 0:00:58]} Qxd3+
{[%clk 0:28:10]} 30. Kb3 {[%clk 0:01:16]} Qc4# {[%clk 0:28:22]} 0-1